[Event "Voronezh-ch"]
[Site "Voronezh"]
[Date "2010.03.10"]
[Round "2"]
[White "Ajrapetian, Nikita"]
[Black "Litavrin, Mikhail"]
[Result "0-1"]
[WhiteElo "2111"]
[BlackElo "1947"]
[PlyCount "80"]
[EventDate "2010.03.09"]
[EventType "swiss"]
[EventRounds "9"]
[EventCountry "RUS"]
[SourceTitle "CBM 135 Extra"]
[Source "ChessBase"]
[SourceDate "2010.05.04"]
[SourceVersion "1"]
[SourceVersionDate "2010.05.04"]
[SourceQuality "1"]

1. d4 Nf6 2. c4 g6 3. Nc3 Bg7 4. e4 d6 5. f4 c5 6. d5 0-0 7. Be2 e6 8. Nf3 exd5 9. cxd5 Re8 10. Nd2 Na6 11. 0-0 Nc7 12. Kh1 b5 13. Nxb5 Nxe4 14. Nxe4 Rxe4 15. Bd3 Re8 16. Nxc7 Qxc7 17. Qc2 Bb7 18. Bc4 f5 19. Bd2 Re4 20. Bd3 Re7 21. Bc4 Rae8 22. Rae1 Qb6 23. Rxe7 Rxe7 24. Bc3 Ba6 25. Bxg7 Kxg7 26. Qc3+ Kg8 27. Bxa6 Qxa6 28. Rg1 Re4 29. Qf6 Qb6 30. h4 Rxf4 31. Qe6+ Kf8 32. Qf6+ Kg8 33. h5 Qxb2 34. Qe6+ Kg7 35. g3 Rf2 36. Qe7+ Kh6 37. Qh4 g5 38. Qh3 Qe2 39. g4 Qe4+ 40. Rg2 Qxg2+ 0-1